Стереометрическая металлография. (Стереология металлических материалов): учебное пособие

Opis bibliograficzny
1. autor: Салтыков С. А. Саркис Андреевич
Język:rosyjski
Wydane: Москва, Металлургия, 1976
Hasła przedmiotowe:
Format: Książka
KOHA link:https://koha.lib.tpu.ru/cgi-bin/koha/opac-detail.pl?biblionumber=73525

MARC

LEADER 00000nam0a2200000 4500
001 73525
005 20231031084439.0
035 |a (RuTPU)RU\TPU\book\78453 
090 |a 73525 
100 |a 20050217d1976 m y0rusy50 ca 
101 0 |a rus 
102 |a RU 
105 |a a j 001zy 
200 1 |a Стереометрическая металлография. (Стереология металлических материалов)  |e учебное пособие  |f С. А. Салтыков 
210 |a Москва  |c Металлургия  |d 1976 
215 |a 271 с.  |c ил. 
320 |a Библиогр.: с. 270-271. 
610 1 |a учебные пособия 
610 1 |a металлография 
610 1 |a стереометрия 
610 1 |a металлические материалы 
610 1 |a термическая обработка 
610 1 |a материаловедение 
610 1 |a физика 
610 1 |a металлы 
675 |a 669:620.18(075.8)  |v 3 
700 1 |a Салтыков  |b С. А.  |g Саркис Андреевич 
801 1 |a RU  |b 63413507  |c 20050217  |g PSBO 
801 2 |a RU  |b 63413507  |c 20130620  |g PSBO 
942 |c BK